000 00682cam a2200265 4500
001 J92095
008 090401t1998 xxu||||| |||| 00| 0 eng d
035 _a(Sirsi) u86600
041 _aeng
050 _a333.336
110 _aJones Lang Wootton
_92909
245 _a50 centres: office, industrial & retail rents. - May 1998 - November 1998
260 _aLondon
_bJones Lang Wootton
_c1998
300 _a2 pt. ; 30cm.
350 _a0
650 _a50 CENTRES
650 _aINDUSTRIAL PROPERTY
650 _aOFFICES
650 _aRENT
650 _aRETAIL PROPERTY
650 _aSHOPS
690 _aPROPERTY-COMMERCIAL PROPERTY
942 _n0
948 _c05/06/1998
999 _c97144
_d97144